| 000 | 00716nam a22002177a 4500 | ||
|---|---|---|---|
| 003 | BUBTL | ||
| 008 | 211205b ||||| |||| 00| 0 eng d | ||
| 020 | _a9788131522844 | ||
| 082 | _a621.3815/ R1836e/ 2011 | ||
| 100 |
_9798 _aRashid, Muhammad H. |
||
| 245 |
_aElectronic Circuits and Applications / _bMuhammad H. Rashid |
||
| 250 | _a1st Edn. | ||
| 260 |
_aAndover, UK: _bCengage Learning, _cc2011 |
||
| 300 |
_axvii, 546 p.: _b24 cm. |
||
| 500 | _aIncludes Index | ||
| 505 | _aElectronic Circuits and Applications, Muhammad H. Rashid, Electronic Circuits | ||
| 650 | 0 |
_94295 _aElectrical and Electronic Engineering |
|
| 856 |
_k0 _l0 _yDownload |
||
| 942 |
_2ddc _cBK |
||
| 999 |
_c6594 _d6594 |
||